The textbook of postpartum hemorrhage: a comprehensive guide to evaluation, management and surgical intervention (Record no. 36383)

MARC details
000 -LEADER
fixed length control field 00625nam a2200181Ia 4500
020 ## - INTERNATIONAL STANDARD BOOK NUMBER
ISBN 9780955228230
050 ## - CALL MARK
Classification number RG 580.H5 .C47/
100 ## - STATEMENT OF RESPONSIBILITY--MAIN AUTHOR NAME
Personal name Edited by Christopher B-Lynch, Louis G. Keith, Andre B Lalonde and Mahantesh Karoshi
245 #4 - TITLE STATEMENT
Title The textbook of postpartum hemorrhage: a comprehensive guide to evaluation, management and surgical intervention
260 ## - PUBLICATION, DISTRIBUTION, ETC. (IMPRINT)
Place of publication United Kingdom
260 ## - PUBLICATION, DISTRIBUTION, ETC. (IMPRINT)
Name of publisher Sapiens publishing
260 ## - PUBLICATION, DISTRIBUTION, ETC. (IMPRINT)
Year of publication 2006
300 ## - PHYSICAL DESCRIPTION
Number of Pages 468 p
650 ## - SUBJECT ADDED ENTRY--TOPICAL TERM
Topical Term Uterine hemorrhage--Treatment. Cesarean section.
942 ## - ADDED ENTRY ELEMENTS (KOHA)
Koha item type Books
Holdings
Withdrawn status Lost status Source of classification or shelving scheme Damaged status Not for loan Permanent Location Current Location Date acquired Accession Number Price effective from Koha item type
    Library of Congress Classification     NILE UNIVERSITY OF NIGERIA - MAIN LIBRARY NILE UNIVERSITY OF NIGERIA - MAIN LIBRARY 04/23/2025 0194555 04/23/2025 Books